[Event "Tourn. n9319"]
[Site "www.chess-mail.com"]
[Date "2017.05.04"]
[Round "1"]
[White "Rons"]
[Black "Pdebonis"]
[WhiteElo "2590"]
[BlackElo "2590"]
[Result "1/2-1/2"]
[Round "1"]
1.e4 c5
2.Ng1f3 d6
3.d4 cxd4
4.Nf3xd4 Ng8f6
5.Nb1c3 g6
6.Bc1e3 Bf8g7
7.f3 O-O
8.Qd1d2 Nb8c6
9.Bf1c4 Bc8d7
10.O-O-O Ra8c8
11.Bc4b3 Nc6xd4
12.Be3xd4 b5
13.h4 a5
14.h5 a4
15.Bd4xf6 Bg7xf6
16.hxg6 e6
17.e5 Bf6g7
18.Rh1xh7 Bg7xe5
19.Rd1h1 fxg6
20.Rh7h8 Be5xh8
{ draw }
1/2-1/2

[Event "Tourn. n9354"]
[Site "www.chess-mail.com"]
[Date "2017.05.04"]
[Round "1"]
[White "Redapond1"]
[Black "Bojan"]
[WhiteElo "1850"]
[BlackElo "1960"]
[Result "0-1"]
[Round "1"]
1.d4 g6
2.e4 Bf8g7
3.Ng1f3 d6
4.Bf1b5 c6
5.Bb5d3 a6
6.O-O Nb8d7
7.Bc1e3 e5
8.c3 f6
9.d5 cxd5
10.exd5 Ng8e7
11.Qd1a4 Ne7xd5
12.Bd3e4 Nd5b6
13.Qa4b4 Qd8c7
14.Rf1d1 Nd7c5
15.Nf3d2 O-O
16.Be3xc5 dxc5
17.Qb4b3 Kh8
18.Nd2f3 Rf8e8
19.Nb1a3 Bc8e6
20.Qb3c2 f5
21.Nf3g5 Be6g8
22.Be4f3 h6
23.Ng5h3 Bg8e6
24.Kf1 e4
25.Bf3e2 Qc7xh2
26.f3 e3
27.Be2d3 c4
28.Bd3xc4 Nb6xc4
29.Ke2 Qh2xg2
30.Ke1 Qg2xh3
31.Rd1d4 Qh3h1
32.Ke2 Qh1g2
33.Kd3 Qg2xc2
34.Na3xc2 Bg7xd4
35.cxd4 Nc4xb2
36.Kxe3 Be6b3
37.Kd2 Bb3xc2
38.Kxc2 Re8e2
39.Kb3 Ra8c8
40.Ra1b1 Nb2d3
41.Rb1d1 Re2b2
42.Ka3 Rc8c3
43.Ka4 Rb2b4
{ resign }
0-1

[Event "Tourn. n9347"]
[Site "www.chess-mail.com"]
[Date "2017.05.04"]
[Round "1"]
[White "Redapond1"]
[Black "Cjood"]
[WhiteElo "1840"]
[BlackElo "1870"]
[Result "0-1"]
[Round "1"]
1.d4 c6
2.Bc1f4 e6
3.Nb1c3 d6
4.Ng1f3 Bc8d7
5.e3 Bf8e7
6.Bf1d3 g6
7.O-O a6
8.e4 Qd8b6
9.Ra1b1 c5
10.d5 e5
11.Bf4e3 Bd7g4
12.b4 Qb6c7
13.bxc5 dxc5
14.h3 Bg4xf3
15.Qd1xf3 Nb8d7
16.Rf1d1 Be7d6
17.Rb1b2 c4
18.Bd3e2 Qc7a5
19.Nc3b1 b5
20.Be3d2 Qa5c7
21.Bd2c3 Ra8b8
22.Qf3g3 Qc7a7
23.Kh1 b4
24.Bc3d2 c3
25.Bd2xc3 bxc3
26.Rb2xb8 Bd6xb8
27.Nb1xc3 Ng8f6
28.Qg3e3 Qa7b7
29.Rd1b1 Qb7c7
30.Be2xa6 Bb8a7
31.Qe3e2 Qc7xc3
32.Rb1b3 Qc3a1
33.Kh2 Qa1xa2
34.Rb3b7 Ba7c5
35.Ba6b5 Bc5d6
36.Qe2f3 O-O
37.Bb5xd7 Qa2a6
38.Bd7c6 Nf6h5
39.g4 Nh5f4
40.Rb7d7 Bd6c5
41.Bc6b7 Qa6f1
42.d6 Bc5xf2
{ resign }
0-1

[Event "Tourn. n9328"]
[Site "www.chess-mail.com"]
[Date "2017.05.04"]
[Round "1"]
[White "Claudia"]
[Black "Hundegana"]
[WhiteElo "2200"]
[BlackElo "2050"]
[Result "0-1"]
[Round "1"]
1.d4 d5
2.c4 dxc4
3.Ng1f3 b6
4.e3 b5
5.a4 c6
6.axb5 cxb5
7.b3 Qd8c7
8.bxc4 bxc4
9.Qd1a4 Bc8d7
 { time }
0-1

[Event "Tourn. n9338"]
[Site "www.chess-mail.com"]
[Date "2017.05.04"]
[Round "1"]
[White "Roque1"]
[Black "Jackbauer"]
[WhiteElo "1870"]
[BlackElo "1900"]
[Result "1-0"]
[Round "1"]
1.e4 c5
2.Ng1f3 d6
3.d4 cxd4
4.Nf3xd4 e5
5.Nd4b3 Bc8e6
6.Bf1b5 Nb8c6
7.Nb1c3 Qd8b6
8.Bc1e3 Qb6c7
9.Nc3d5 Qc7c8
10.Qd1d3 Ng8e7
11.O-O a6
12.Nd5b6 { resign }
1-0

[Event "Tourn. n9293"]
[Site "www.chess-mail.com"]
[Date "2017.05.04"]
[Round "1"]
[White "Picifarkinca"]
[Black "Corr"]
[WhiteElo "2010"]
[BlackElo "1809"]
[Result "0-1"]
[Round "1"]
1.e4 e5
2.Ng1f3 Nb8c6
3.Bf1b5 Nc6d4
4.Nf3xd4 exd4
5.d3 c6
6.Bb5a4 Ng8f6
7.O-O d5
8.e5 Nf6d7
9.Rf1e1 Nd7c5
10.c3 dxc3
11.Nb1xc3 Nc5xa4
12.Qd1xa4 Bc8f5
13.d4 Bf8e7
14.f4 Qd8d7
15.Bc1e3 h5
16.Ra1c1 Rh8h6
17.Re1e2 h4
18.Be3f2 Rh6g6
19.Kf1 Bf5d3
{ resign }
0-1

[Event "Match"]
[Site "www.echecsemail.com"]
[Date "2017.05.04"]
[Round "1"]
[White "Gilliere"]
[Black "Winston"]
[WhiteElo "2040"]
[BlackElo "1860"]
[Result "1-0"]
[Round "1"]
1.d4 d5
2.c4 e6
3.c5 Nb8c6
4.e3 Ng8f6
5.Nb1c3 g6
6.Bf1b5 Bc8d7
7.Ng1f3 Bf8g7
8.O-O O-O
9.Bb5xc6 Bd7xc6
10.Nf3e5 Qd8e8
11.Ne5xc6 Qe8xc6
12.a3 a6
13.b4 Rf8e8
14.Bc1b2 e5
15.dxe5 Re8xe5
16.Nc3e2 Re5e7
17.Ra1b1 Ra8d8
18.Ne2d4 { time. }
1-0

[Event "Match"]
[Site "www.echecsemail.com"]
[Date "2017.05.04"]
[Round "1"]
[White "Mrmoto"]
[Black "Motorhead99"]
[WhiteElo "1710"]
[BlackElo "1599"]
[Result "0-1"]
[Round "1"]
1.e4 c5
2.c3 Nb8c6
3.Ng1f3 d6
4.d4 cxd4
5.Nf3xd4 e5
6.Nd4xc6 bxc6
7.Bf1c4 Bc8e6
{ resign }
0-1

[Event "Match"]
[Site "www.echecsemail.com"]
[Date "2017.05.04"]
[Round "1"]
[White "Gambitmiau"]
[Black "Orae"]
[WhiteElo "1930"]
[BlackElo "1710"]
[Result "1-0"]
[Round "1"]
1.e4 e5
2.d4 exd4
3.c3 dxc3
4.Bf1c4 Qd8f6
5.Nb1xc3 Bf8c5
6.Ng1f3 Qf6b6
7.O-O h6
8.a3 Ng8f6
9.b4 Bc5xb4
10.axb4 Qb6xb4
11.Qd1b3 Qb4d6
12.Bc4xf7 Kf8
13.Bc1a3 c5
14.Nc3b5 Qd6c6
15.Ra1c1 b6
16.Nf3e5 Qc6b7
17.Ne5g6 { resign }
1-0

[Event "Match"]
[Site "www.echecsemail.com"]
[Date "2017.05.04"]
[Round "1"]
[White "Karlgrocer"]
[Black "Raulazo"]
[WhiteElo "2040"]
[BlackElo "1830"]
[Result "1-0"]
[Round "1"]
1.Ng1f3 Ng8f6
2.d4 b6
3.e3 Bc8b7
4.Bf1e2 d5
5.O-O g6
6.Nb1d2 a6
7.c4 Nb8c6
8.b3 Qd8d7
9.Bc1a3 O-O-O
10.c5 b5
11.Ba3b2 h5
12.Nf3g5 Rh8g8
13.Ng5xf7 Rd8e8
14.Nd2f3 e6
15.Nf7e5 Nc6xe5
16.Nf3xe5 Qd7e7
17.b4 Nf6d7
18.a4 Nd7xe5
19.dxe5 Qe7g5
20.Bb2d4 Bf8g7
21.axb5 Bg7xe5
22.bxa6 Be5xh2
23.Kxh2 e5
24.Bd4b2 Bb7c6
25.b5 Qg5h4
26.Kg1 Bc6xb5
27.Be2xb5 c6
28.Bb5xc6 Re8d8
29.a7 d4
30.a8Q { resign }
1-0

[Event "Match"]
[Site "www.echecsemail.com"]
[Date "2017.05.04"]
[Round "1"]
[White "Motorhead99"]
[Black "Fangshuo"]
[WhiteElo "1599"]
[BlackElo "2030"]
[Result "0-1"]
[Round "1"]
1.e4 e6
2.d4 d5
3.Nb1c3 a6
4.Ng1f3 c5
5.Bc1e3 cxd4
6.Be3xd4 Nb8c6
7.exd5 exd5
8.Bf1e2 Nc6xd4
9.Qd1xd4 Ng8f6
10.O-O-O Bc8e6
11.Nf3e5 Bf8e7
12.g4 O-O
13.g5 Nf6e4
14.Nc3xe4 dxe4
15.h4 Qd8a5
16.Be2c4 Be6xc4
17.Ne5xc4 Qa5xa2
18.Nc4a3 Qa2a1
19.Na3b1 Rf8e8
20.Rh1e1 Ra8d8
21.Qd4xe4 Be7xg5
{ resign }
0-1

[Event "Match"]
[Site "www.echecsemail.com"]
[Date "2017.05.04"]
[Round "1"]
[White "Pellix84"]
[Black "Motorhead99"]
[WhiteElo "2010"]
[BlackElo "1599"]
[Result "1-0"]
[Round "1"]
1.d4 d5
2.c4 c6
3.Nb1c3 Ng8f6
4.Bc1g5 e6
5.e3 Nb8d7
6.e4 dxe4
7.Nc3xe4 Bf8e7
8.Qd1f3 O-O
9.Bf1d3 Nf6xe4
10.Qf3xe4 g6
11.h4 Be7xg5
12.hxg5 Qd8xg5
13.Ng1f3 Qg5a5
14.Ke2 Nd7f6
15.Qe4h4 Nf6h5
16.Nf3e5 f6
17.Ne5xg6 hxg6
18.Bd3xg6 { resign }
1-0

[Event "Match"]
[Site "www.echecsemail.com"]
[Date "2017.05.04"]
[Round "1"]
[White "Bojan"]
[Black "Ssharp"]
[WhiteElo "1980"]
[BlackElo "2270"]
[Result "0-1"]
[Round "1"]
1.e4 e5
2.Ng1f3 Nb8c6
3.c3 Bf8c5
4.d3 Ng8f6
5.h3 d6
6.Nb1d2 Bc8d7
7.Nd2b3 Bc5b6
8.Bf1e2 h6
9.Nf3h4 Qd8e7
10.O-O g6
11.Nh4f3 Nf6h7
12.Nf3h2 O-O-O
13.Kh1 f5
14.exf5 gxf5
15.Qd1d2 Nh7f6
16.Qd2e1 Rd8g8
17.f4 Qe7g7
18.Be2f3 Nf6h5
19.Bc1e3 Nh5g3
20.Kg1 Ng3xf1
21.Kxf1 exf4
22.Be3xf4 Rg8e8
23.Qe1d2 h5
24.d4 Qg7g6
25.h4 Qg6e6
26.Kg1 Nc6e5
27.Bf3d1 Ne5g6
28.Bf4g3 Re8g8
29.Bd1f3 Ng6e5
30.Bg3xe5 dxe5
31.Ra1e1 e4
32.Nb3c5 Bb6xc5
33.dxc5 Qe6xa2
34.Bf3d1 Qa2f7
35.Qd2f4 Rg8g7
36.Nh2f1 Rh8g8
37.g3 Bd7b5
38.Re1e3 Bb5xf1
39.Kxf1 Rg8d8
40.Bd1e2 Qf7g6
41.b4 Rd8d2
42.Ke1 Rg7d7
43.Qf4e5 Qg6h6
44.Qe5f4 Qh6xf4
45.gxf4 Rd2xe2
46.Kxe2 Rd7g7
47.Re3h3 Rg7g4
48.Ke3 Kd7
49.b5 a6
50.c4 axb5
51.cxb5 Ke6
52.Rh3h1 Kd5
53.c6 bxc6
54.bxc6 Kxc6
55.Rh1c1 Kd6
56.Rc1d1 Ke6
57.Rd1c1 Rg4g3
58.Ke2 Kd6
59.Rc1a1 Rg3f3
60.Ra1a6 c6
61.Ra6a5 Rf3xf4
62.Ke3 Rf4f3
63.Ke2 c5
64.Ra5a6 Kd5
65.Ra6h6 f4
66.Rh6xh5 Kd4
67.Rh5g5 c4
68.Rg5g1 Rf3h3
69.Rg1g4 Rh3h2
70.Kf1 f3
{ resign }
0-1

[Event "Match"]
[Site "www.echecsemail.com"]
[Date "2017.05.04"]
[Round "1"]
[White "Mdesouza"]
[Black "Chessington"]
[WhiteElo "2280"]
[BlackElo "1859"]
[Result "0-1"]
[Round "1"]
1.e4 e6
2.d4 d5
3.Nb1d2 Bf8e7
4.Ng1f3 Ng8f6
5.e5 Nf6d7
6.Bf1d3 c5
7.c3 b6
8.Qd1e2 a5
9.Nd2f1 Bc8a6
10.Nf1g3 Ba6xd3
11.Qe2xd3 a4
12.Bc1e3 Nb8c6
13.a3 Nc6a5
14.O-O Na5c4
15.Ra1b1 O-O
16.h3 b5
17.Nf3h2 cxd4
18.Be3xd4 Nd7xe5
19.Bd4xe5 Nc4xe5
20.Qd3xb5 Ne5c4
21.Nh2f3 Qd8c7
22.Nf3d4 Rf8c8
23.Rf1e1 Be7c5
24.b4 Bc5xd4
25.cxd4 Nc4xa3
26.Qb5c5 Qc7d8
{ resign }
0-1

[Event "Match"]
[Site "www.echecsemail.com"]
[Date "2017.05.04"]
[Round "1"]
[White "Mrmoto"]
[Black "Sonny1000"]
[WhiteElo "1710"]
[BlackElo "1390"]
[Result "1/2-1/2"]
[Round "1"]
1.e4 e5
2.Ng1f3 Ng8f6
3.Nb1c3 Nf6g4
4.h3 Ng4f6
5.g3 g6
6.Bf1g2 Bf8g7
7.Nf3xe5 d6
8.Ne5d3 Nf6xe4
9.Bg2xe4 Bg7d4
10.Qd1e2 Kd7
11.Nc3b5 Bd4xf2
12.Qe2xf2 Qd8e7
13.Nd3f4 Qe7xe4
14.Kf1 Qe4xh1
15.Qf2g1 Qh1f3
16.Qg1f2 Qf3h1
17.Qf2g1 Qh1f3
18.Qg1f2 Qf3d1
19.Qf2e1 Qd1f3
20.Qe1f2 Qf3xf2
21.Kxf2 Nb8c6
22.d4 a6
23.Nb5c3 Nc6xd4
24.Ra1b1 
1/2-1/2

[Event "Match"]
[Site "www.echecsemail.com"]
[Date "2017.05.04"]
[Round "1"]
[White "Karlgrocer"]
[Black "Winston"]
[WhiteElo "2060"]
[BlackElo "1860"]
[Result "1-0"]
[Round "1"]
1.Ng1f3 d5
2.d4 Ng8f6
3.e3 e6
4.Bf1d3 c5
5.dxc5 Bf8xc5
6.O-O Nb8c6
7.a3 a5
8.Nb1d2 Qd8c7
9.Nd2b3 Bc5d6
10.c4 Bc8d7
11.h3 dxc4
12.Bd3xc4 Nc6e5
13.Bc4e2 Ne5xf3
14.Be2xf3 Bd7b5
15.Bf3e2 Bb5xe2
16.Qd1xe2 { time. }
1-0

[Event "Match"]
[Site "www.echecsemail.com"]
[Date "2017.05.04"]
[Round "1"]
[White "Krystek23"]
[Black "Joseph1983"]
[WhiteElo "2300"]
[BlackElo "2180"]
[Result "1-0"]
[Round "1"]
1.c4 g6
2.Nb1c3 Bf8g7
3.Ng1f3 Ng8f6
4.d4 d5
5.cxd5 Nf6xd5
6.e4 Nd5xc3
7.bxc3 Bc8g4
8.Bf1e2 O-O
9.Qd1b3 b6
10.h3 Bg4e6
11.Qb3b2 Be6c8
12.Bc1e3 Bc8b7
13.Qb2c2 Nb8d7
14.O-O Nd7f6
15.Nf3d2 e6
16.a4 a6
17.Rf1d1 Qd8e7
18.Ra1b1 Nf6d7
19.a5 b5
20.c4 c5
21.dxc5 Nd7xc5
22.cxb5 Ra8c8
23.bxa6 Bb7xa6
24.Be2xa6 Nc5xa6
25.Qc2d3 Rc8c6
26.Rb1b6 Rc6xb6
27.axb6 Rf8d8
28.Qd3xa6 { resign }
1-0

[Event "Match"]
[Site "www.echecsemail.com"]
[Date "2017.05.04"]
[Round "1"]
[White "Raulazo"]
[Black "Gilliere"]
[WhiteElo "1830"]
[BlackElo "2040"]
[Result "0-1"]
[Round "1"]
1.c4 e5
2.e4 Ng8f6
3.Nb1c3 d6
4.Ng1f3 Bc8g4
5.Bf1e2 Nb8c6
6.Nf3g5 Bg4xe2
7.Nc3xe2 h6
8.Ng5f3 Nf6xe4
9.d3 Ne4f6
10.O-O Bf8e7
11.a4 O-O
12.Bc1e3 Nf6h7
13.Qd1c2 Be7g5
14.d4 Bg5xe3
15.fxe3 exd4
16.exd4 Nh7g5
17.Nf3h4 Ng5h7
18.Rf1f3 Qd8xh4
19.Rf3h3 Nc6xd4
20.Rh3xh4 Nd4xc2
21.Ra1c1 Nc2e3
22.Rc1c3 Ne3f5
23.Rh4h5 Nf5e7
24.Rc3g3 Ne7g6
25.b4 Nh7f6
26.Rh5f5 Nf6e4
27.Rg3f3 Ne4d2
28.Rf3c3 Ra8e8
29.Ne2g3 Nd2e4
30.Rc3f3 Ne4xg3
31.hxg3 Ng6e5
32.Rf3f4 g6
33.Rf5f6 Ne5d7
{ resign }
0-1

[Event "1/64 Finale"]
[Site "www.chess-mail.com"]
[Date "2017.05.04"]
[Round "1"]
[White "Claudia"]
[Black "Hennie4820"]
[WhiteElo "2200"]
[BlackElo "2060"]
[Result "0-1"]
[Round "1"]
1.d4 Ng8f6
2.c4 e6
3.Nb1c3 Bf8b4
4.Qd1c2 O-O
5.a3 Bb4e7
6.Bc1g5 h6
7.Bg5h4 d6
8.e4 Nb8d7
9.Bf1d3 g5
10.Bh4g3 Nf6h5
11.Ng1e2 Nh5xg3
12.Ne2xg3 e5
 { time }
0-1

[Event "1/128 Finale"]
[Site "www.chess-mail.com"]
[Date "2017.05.04"]
[Round "1"]
[White "Undo"]
[Black "Cjood"]
[WhiteElo "1809"]
[BlackElo "1879"]
[Result "0-1"]
[Round "1"]
1.f4 e5
2.fxe5 Qd8h4
3.g3 Qh4e4
4.Ng1f3 Nb8c6
5.Nb1c3 Qe4f5
6.Bf1g2 Nc6xe5
7.O-O Ng8f6
8.Nf3xe5 Qf5xe5
9.d3 Nf6g4
10.e4 Qe5d4
 { time }
0-1

[Event "1/16 Finale"]
[Site "www.chess-mail.com"]
[Date "2017.05.04"]
[Round "1"]
[White "Attatroll"]
[Black "Asoka"]
[WhiteElo "2020"]
[BlackElo "2740"]
[Result "0-1"]
[Round "1"]
1.e4 e5
2.f4 exf4
3.Ng1f3 d6
4.Bf1c4 h6
5.O-O g5
6.d4 Nb8c6
7.c3 Ng8f6
8.Qd1b3 Qd8d7
9.e5 dxe5
10.dxe5 Bf8c5
11.Kh1 Nf6g4
12.e6 fxe6
13.h3 Ng4f2
14.Kh2 g4
15.Bc1xf4 gxf3
16.gxf3 Rh8g8
17.Nb1d2 Qd7d6
18.Rf1xf2 Qd6xf4
19.Kh1 Bc5xf2
20.Bc4xe6 Qf4g3
21.Be6f7 Kf8
22.Nd2e4 Qg3xh3

0-1

[Event "1/128 Finale"]
[Site "www.chess-mail.com"]
[Date "2017.05.04"]
[Round "1"]
[White "Redapond1"]
[Black "Cjood"]
[WhiteElo "1850"]
[BlackElo "1940"]
[Result "0-1"]
[Round "1"]
1.d4 g6
2.Bc1f4 d6
3.Nb1c3 Bf8g7
4.e4 e6
5.e5 d5
6.Ng1f3 b6
7.Bf1b5 c6
8.Bb5d3 h6
9.O-O g5
10.Bf4e3 g4
11.Nf3d2 h5
12.f3 f5
13.exf6 Bg7xf6
14.fxg4 hxg4
15.Qd1xg4 Qd8e7
16.Ra1e1 Kd8
17.Rf1f2 e5
18.dxe5 Bc8xg4
19.exf6 Ng8xf6
20.Kf1 Rh8xh2
21.Be3g5 Rh2h1

0-1

[Event "1/128 Finale"]
[Site "www.chess-mail.com"]
[Date "2017.05.04"]
[Round "1"]
[White "Motorhead99"]
[Black "Mitja"]
[WhiteElo "1599"]
[BlackElo "1990"]
[Result "0-1"]
[Round "1"]
1.e4 d5
2.d4 dxe4
3.Nb1c3 Ng8f6
4.f3 exf3
5.Qd1xf3 Qd8xd4
6.Bc1e3 Qd4b4
7.O-O-O c6
8.Bf1b5 cxb5
9.Nc3xb5 Qb4xb5
{ resign }
0-1

[Event "1/128 Finale"]
[Site "www.chess-mail.com"]
[Date "2017.05.04"]
[Round "1"]
[White "Bojan"]
[Black "Motorhead99"]
[WhiteElo "2000"]
[BlackElo "1599"]
[Result "0-1"]
[Round "1"]
1.e4 e5
2.Ng1f3 Nb8c6
3.Bf1c4 Bf8c5
4.a3 Ng8f6
5.d3 d6
6.Nb1c3 O-O
7.Bc1g5 Bc8e6
8.Nc3d5 Nc6a5
9.Nd5xf6 gxf6
10.Bg5h6 Na5xc4
11.Bh6xf8 Nc4xb2
12.Qd1b1 Nb2xd3
13.cxd3 Qd8xf8
14.Qb1xb7 Ra8b8
15.Qb7xc7 Rb8b2
16.O-O Qf8g7
17.Qc7d8 Qg7f8
18.Qd8xf8 Kxf8
19.h3 Rb2b3
20.Rf1d1 Rb3xa3
21.Ra1b1 Be6b3
22.Rd1d2 a5
23.d4 Bc5b4
24.Rd2e2 Bb3c4
25.Re2c2 Bc4d3
26.Rc2c8 Kg7
27.Rb1b2 Bd3xe4
28.Nf3d2 Be4f5
29.Rc8b8 Bb4c3
30.Rb2b3 Ra3a1
31.Nd2b1 Bc3xd4
32.Kh2 Bf5e6
33.Rb3g3 Kh6
34.Rg3g8 Bd4xf2
35.Nb1d2 Bf2g1
36.Kh1 Bg1a7
37.Rb8b1 Ra1xb1
38.Nd2xb1 Ba7c5
39.Nb1c3 f5
40.Nc3b5 a4
41.Rg8g3 f4
42.Rg3c3 Be6b3
43.Kh2 f5
44.g3 fxg3
45.Kxg3 f4
46.Kg4 Bb3e6
47.Kh4 Bc5f2
{ resign }
0-1

[Event "Fast Game"]
[Site "www.echecsemail.com"]
[Date "2017.05.04"]
[Round "1"]
[White "Attatroll"]
[Black "Cjood"]
[WhiteElo "1780"]
[BlackElo "1599"]
[Result "0-1"]
[Round "1"]
1.e4 c5
2.Ng1f3 Nb8c6
3.d4 e6
4.Nb1c3 cxd4
5.Nf3xd4 Nc6xd4
6.Qd1xd4 f6
7.Bf1c4 b6
8.O-O Bf8c5
9.Qd4d1 Ng8e7
10.Bc1f4 Ne7g6
11.Bf4g3 O-O
12.Nc3b5 Bc8b7
13.Nb5d6 Bc5xd6
14.Bg3xd6 Rf8e8
15.Rf1e1 Qd8c8
16.Bc4b3 Qc8c6
17.Bd6g3 f5
18.f3 f4
19.Bg3f2 a5
20.a3 Ng6e5
21.Ra1c1 Ne5g6
22.Qd1e2 Bb7a6
23.Qe2d2 Kh8
24.Bf2d4 e5
25.Bd4c3 Qc6c8
26.Qd2d6 Qc8c5
27.Qd6xc5 bxc5
28.Rc1d1 c4
29.Bb3a2 Ba6b5
30.Rd1d5 Re8b8
31.Bc3xe5 Ng6xe5
32.Rd5xe5 Bb5a4
33.Ba2xc4 Ba4xc2
34.Re5b5 Bc2a4
35.Rb5xb8 Ra8xb8
36.Re1e2 Rb8c8
37.Kf2 Rc8xc4
38.e5 g5
39.Re2d2 Rc4c5
40.b4 axb4
41.axb4 Rc5xe5
42.Rd2a2 Ba4b5
43.Ra2c2 d6
44.h3 Bb5a4
45.Rc2a2 Ba4b3
46.Ra2b2 Bb3e6
47.b5 Re5c5
48.b6 Rc5c8
49.Ke2 Rc8b8
50.Kd3 Kg7
51.Kd4 Kf7
52.Ke4 Ke7
53.Rb2b4 Kd7
54.h4 d5
55.Ke5 h6
56.hxg5 hxg5
57.Kf6 g4
58.Ke5 gxf3
59.gxf3 Be6f7
60.Kxf4 Kc6
61.Rb4b2 Rb8xb6
62.Rb2c2 Kd6
63.Ke3 Rb6b4
64.Rc2c8 Kd7
65.Rc8a8 d4
66.Kd3 Bf7g6
67.Kd2 Rb4b3
68.Ra8a7 Kc8
69.Ra7a8 Kb7
70.Ra8g8 Bg6h5
71.Rg8g5 Bh5xf3
72.Rg5g3 Kc6
73.Rg3g5 Rb3b5
74.Rg5g6 Kc5
75.Kd3 Rb5b3
76.Kd2 Bf3e4
77.Rg6g4 Rb3d3
78.Ke2 Be4f3
79.Kxd3 Bf3xg4
80.Kd2 Kc4
{ resign }
0-1

[Event "Fast Game"]
[Site "www.echecsemail.com"]
[Date "2017.05.04"]
[Round "1"]
[White "Ranjachess"]
[Black "Cjood"]
[WhiteElo "1680"]
[BlackElo "1849"]
[Result "1-0"]
[Round "1"]
1.d4 Ng8f6
2.Nb1c3 d5
3.Bc1f4 a6
4.h3 Nb8c6
5.e3 Bc8f5
6.a3 e6
7.Ng1f3 Nf6e4
8.Nc3xe4 dxe4
9.Nf3e5 Nc6a7
10.f3 exf3
11.gxf3 Bf8d6
12.e4 Bf5g6
13.Qd1d3 Bg6h5
14.O-O-O Qd8f6
15.Qd3e3 Qf6h4
16.Rh1g1 f6
17.Ne5g4 Bh5xg4
18.Rg1xg4 Bd6xf4
19.Qe3xf4 Qh4h6
20.Qf4xh6 gxh6
21.Rg4h4 Kf7
22.Rh4xh6 Ra8g8
23.e5 fxe5
24.dxe5 Kg7
25.Rh6xe6 Kf7
26.Bf1c4 Kf8
27.Rd1d8 Kg7
28.Re6e7 Kh6
29.Rd8xg8 Rh8xg8
30.Bc4xg8 Na7c6
31.Re7xh7 Kg6
32.f4 Nc6d4
33.Kd2 Nd4f5
34.e6 Kf6
35.h4 Nf5e7
36.h5 Ne7xg8
37.e7 Ng8xe7
38.Rh7xe7 Kxe7
39.Ke3 Kf6
40.Ke4 Kg7
41.Ke5 Kh6
42.Ke6 Kxh5
43.f5 Kh6
44.f6 Kh7
45.Ke7 Kg8
46.f7 Kg7
47.f8Q { resign }
1-0

[Event "Fast Game"]
[Site "www.echecsemail.com"]
[Date "2017.05.04"]
[Round "1"]
[White "Leonger"]
[Black "Cjood"]
[WhiteElo "1919"]
[BlackElo "1940"]
[Result "1-0"]
[Round "1"]
1.d4 c6
2.c4 e5
3.dxe5 Qd8a5
4.Nb1c3 Qa5xe5
5.Ng1f3 Qe5c7
6.e4 Bf8c5
7.a3 Qc7b6
8.Nc3a4 Bc5xf2
9.Ke2 Qb6c7
10.Kxf2 Ng8f6
11.Kg1 b5
12.cxb5 cxb5
13.e5 Nf6g4
14.Bf1xb5 a6
15.Bb5e2 Qc7a7
16.Qd1d4 Qa7xd4
17.Nf3xd4 Ng4xe5
18.Na4b6 Nb8c6
19.Nd4xc6 dxc6
20.Nb6xa8 O-O
21.Na8b6 Bc8b7
22.Bc1e3 Rf8e8
23.Kf2 g6
24.Ra1d1 f5
25.Nb6d7 Ne5xd7
26.Rd1xd7 Bb7c8
27.Be2c4 { resign }
1-0

[Event "Tourn. n9241"]
[Site "www.chess-mail.com"]
[Date "2017.05.05"]
[Round "1"]
[White "Julian"]
[Black "Picifarkinca"]
[WhiteElo "1950"]
[BlackElo "1840"]
[Result "0-1"]
[Round "1"]
1.e4 e6
2.d4 d5
3.e5 c5
4.c3 cxd4
5.cxd4 Qd8b6
6.Ng1f3 Nb8c6
7.Nb1c3 Bc8d7
8.Bf1e2 Ng8h6
9.O-O Nh6f5
10.Nc3a4 Qb6c7
11.Bc1e3 Nf5xe3
12.fxe3 a6
13.Ra1c1 b6
14.Qd1b3 b5
15.Na4c5 Bf8e7
16.e4 dxe4
17.Nc5xe4 Qc7a7
18.Ne4c5 Nc6xd4
19.Nf3xd4 Be7xc5
20.Qb3f3 Bc5xd4
21.Kh1 O-O
22.Be2d3 g6
23.Qf3f6 Ra8c8
24.Rc1xc8 Bd7xc8
25.h4 Qa7c7
26.h5 Qc7xe5
27.Qf6xe5 Bd4xe5
28.hxg6 hxg6
 { time }
0-1

[Event "Tourn. n9289"]
[Site "www.chess-mail.com"]
[Date "2017.05.05"]
[Round "1"]
[White "Numanoid"]
[Black "Pdebonis"]
[WhiteElo "2450"]
[BlackElo "2550"]
[Result "0-1"]
[Round "1"]
1.d4 Ng8f6
2.Bc1g5 Nf6e4
3.Bg5f4 c5
4.f3 Ne4f6
5.d5 Nf6h5
6.Bf4e3 e6
7.Nb1c3 d6
8.Qd1d2 Nh5f6
9.Be3g5 Bf8e7
10.e4 O-O
11.h4 exd5
12.exd5 Nb8d7
13.O-O-O a6
14.g4 Rf8e8
15.Ng1h3 b5
16.Nh3f2 Nd7b6
17.Bg5xf6 Be7xf6
18.Nf2e4 b4
19.Ne4xf6 Qd8xf6
20.Nc3e4 Re8xe4
21.g5 Qf6e5
22.fxe4 Nb6a4
23.c3 bxc3
24.bxc3 Ra8b8
25.Bf1d3 Na4xc3
26.Rd1e1 c4
27.Bd3c2 Nc3xa2
28.Kd1 Bc8g4
{ resign }
0-1

[Event "Tourn. n9355"]
[Site "www.chess-mail.com"]
[Date "2017.05.05"]
[Round "1"]
[White "Cjood"]
[Black "Bira47"]
[WhiteElo "1890"]
[BlackElo "2000"]
[Result "0-1"]
[Round "1"]
1.c4 g6
2.d4 c6
3.Ng1f3 h6
4.e4 Bf8g7
5.Nb1c3 a6
6.Bc1e3 Ng8f6
7.e5 Nf6g4
8.Qd1d3 Ng4xe3
9.Qd3xe3 e6
10.g4 d5
11.c5 O-O
12.h4 f5
13.exf6 Qd8xf6
14.Nf3e5 Nb8d7
15.g5 Qf6f4
16.Ne5xg6 Qf4xe3
17.fxe3 Rf8f7
18.O-O-O e5
19.Nc3e2 h5
20.Ne2g3 exd4
21.exd4 Nd7f8
22.Ng6xf8 Kxf8
23.Bf1e2 Bc8g4
24.Be2xg4 hxg4
25.h5 Rf7f4
26.Rh1f1 Rf4f3
27.h6 Bg7h8
28.Rf1xf3 gxf3
29.Ng3f5 Ra8e8
30.Nf5d6 Re8e2
31.Nd6f5 f2
32.Nf5g3 Re2e1
33.Kd2 Re1g1
34.Rd1f1 Bh8xd4
35.h7 Kg7
36.Rf1d1 Rg1xg3
37.Rd1h1 Kh8
38.g6 Rg3xg6
{ resign }
0-1

[Event "Tourn. n9328"]
[Site "www.chess-mail.com"]
[Date "2017.05.05"]
[Round "1"]
[White "Attatroll"]
[Black "Claudia"]
[WhiteElo "2000"]
[BlackElo "2200"]
[Result "1-0"]
[Round "1"]
1.e4 c5
2.b3 Nb8c6
3.Bc1b2 d6
4.Ng1f3 e6
5.Bf1b5 Bc8d7
6.O-O Ng8f6
7.d3 Bf8e7
8.Nb1d2 O-O
9.h3 a6
10.Bb5xc6 Bd7xc6
11.Nd2c4 b5
12.Nc4e3 Ra8c8
13.Nf3g5 h6
14.Ng5f3  { time }
1-0

[Event "Tourn. n9341"]
[Site "www.chess-mail.com"]
[Date "2017.05.05"]
[Round "1"]
[White "Attatroll"]
[Black "Balbyns"]
[WhiteElo "1960"]
[BlackElo "1850"]
[Result "1-0"]
[Round "1"]
1.d4 d5
2.c4 c6
3.Ng1f3 Ng8f6
4.Nb1c3 Nb8d7
5.e3 e6
6.cxd5 exd5
7.Bf1d3 Bf8d6
8.O-O O-O
9.Qd1c2 Rf8e8
10.Nf3g5 g6
11.f4 Qd8c7
12.g3 Nf6g4
13.h4 Nd7f6
14.Rf1e1 Bc8d7
15.Kg2 Nf6h5
16.e4 dxe4
17.Nc3xe4 Bd7f5
18.Bc1d2 Bf5xe4
19.Bd3xe4 Nh5f6
20.Be4f3 Ra8d8
21.h5 gxh5
22.Bf3xg4 hxg4
23.Re1h1 Re8e2
24.Kf1 Qc7e7
25.Ng5xh7 Nf6xh7
26.Qc2xh7 { resign }
1-0

[Event "Tourn. n9344"]
[Site "www.chess-mail.com"]
[Date "2017.05.05"]
[Round "1"]
[White "Estonia"]
[Black "Said1991"]
[WhiteElo "2070"]
[BlackElo "2219"]
[Result "0-1"]
[Round "1"]
1.d4 d5
2.c4 e6
3.Nb1c3 Ng8f6
4.Bc1g5 Nb8d7
5.Ng1f3 c6
6.e3 Qd8a5
7.Bg5xf6 Nd7xf6
8.Bf1d3 Bf8b4
9.Qd1c2 Nf6e4
10.Bd3xe4 dxe4
11.Nf3d2 Bb4xc3
12.Qc2xc3 Qa5xc3
13.bxc3 f5
14.Ra1b1 b6
15.f4 O-O
16.Nd2f3 exf3
17.gxf3 Bc8a6
18.Rb1b4 c5
19.dxc5 bxc5
20.Rb4a4 Ba6b7
21.Ke2 a5
22.Rh1b1 Bb7c6
23.Ra4a3 a4
24.Rb1b6 Rf8c8
25.h4 Ra8b8
26.Rb6xb8 Rc8xb8
27.e4 fxe4
28.fxe4 g6
29.Ke3 h6
30.f5 gxf5
31.exf5 exf5
32.Kf4 Kf7
33.Kxf5 Rb8e8
34.h5 Bc6d7
35.Kf4 Kf6
36.Ra3b3 axb3
37.axb3 Bd7c6
{ resign }
0-1

[Event "Tourn. n9354"]
[Site "www.chess-mail.com"]
[Date "2017.05.05"]
[Round "1"]
[White "Cjood"]
[Black "Fbeley"]
[WhiteElo "1940"]
[BlackElo "2050"]
[Result "0-1"]
[Round "1"]
1.Ng1f3 d5
2.d4 Bc8f5
3.Nb1c3 e6
4.Bc1f4 c5
5.dxc5 Bf8xc5
6.e4 dxe4
7.Qd1xd8 Kxd8
8.Nf3e5 Ke7
9.O-O-O Ng8f6
10.Nc3b5 Nb8c6
11.Ne5c4 Nf6d5
12.a3 Nd5xf4
13.g3 Nf4d5
14.Rd1d2 a6
15.Nb5c3 Nd5xc3
16.bxc3 b5
17.Nc4e3 Bc5xa3
18.Kb1 Rh8d8
19.Rd2e2 Ra8b8
20.Bf1g2 Ba3c5
21.h3 b4
22.cxb4 Rb8xb4
{ resign }
0-1

[Event "Tourn. n9321"]
[Site "www.chess-mail.com"]
[Date "2017.05.05"]
[Round "1"]
[White "Osopanda"]
[Black "Wwgia"]
[WhiteElo "1890"]
[BlackElo "1900"]
[Result "0-1"]
[Round "1"]
1.d4 Ng8f6
2.c4 g6
3.Nb1c3 d5
4.b3 Bf8g7
5.Ng1f3 O-O
6.Bc1b2 c5
7.e3 cxd4
8.exd4 Nb8c6
9.cxd5 Nf6xd5
 { time }
0-1

[Event "Tourn. n9311"]
[Site "www.chess-mail.com"]
[Date "2017.05.05"]
[Round "1"]
[White "Winston"]
[Black "Sorento"]
[WhiteElo "1890"]
[BlackElo "1929"]
[Result "0-1"]
[Round "1"]
1.e4 c5
2.Ng1f3 d6
3.Bf1b5 Nb8d7
4.d4 a6
5.Bb5xd7 Bc8xd7
6.Nb1c3 cxd4
7.Nf3xd4 Ng8f6
8.Bc1g5 e6
9.f4 Bf8e7
10.Bg5xf6 Be7xf6
11.Nd4b3 b5
12.Qd1d3 b4
13.Nc3e2 Bd7b5
14.Qd3d2 Bf6xb2
15.Ra1b1 Bb2a3
16.O-O a5
17.Ne2d4 Bb5xf1
{ resign }
0-1